书目信息 |
| 题名: |
汽车液压与气压传动
|
|
| 作者: | 齐晓杰 主编 | |
| 分册: | ||
| 出版信息: | 北京 机械工业出版社 2019重印 |
|
| 页数: | 252页 | |
| 开本: | 26cm | |
| 丛书名: | ||
| 单 册: | ||
| 中图分类: | U463.2 | |
| 科图分类: | ||
| 主题词: | 汽车--qi che--液压传动--高等教育--教材 , 汽车--qi che--气压传动--高等教育--教材 | |
| 电子资源: | ||
| ISBN: | 978-7-111-56355-6 | |
| 000 | 01085nam0 2200313 45 | |
| 001 | 012001001876 | |
| 005 | 20191121104843.59 | |
| 010 | @a978-7-111-56355-6@dCNY39.80 | |
| 099 | @aCAL 012017119708 | |
| 100 | @a20170814d2017 em y0chiy50 ea | |
| 101 | 0 | @achi |
| 102 | @aCN@b110000 | |
| 105 | @aak a 000yy | |
| 106 | @ar | |
| 200 | 1 | @a汽车液压与气压传动@Aqi che ye ya yu qi ya chuan dong@f主编齐晓杰 |
| 205 | @a第3版 | |
| 210 | @a北京@c机械工业出版社@d2019重印 | |
| 215 | @a252页@c图@d26cm | |
| 300 | @a普通高等教育“十三五”汽车类规划教材 | |
| 312 | @a英文题名取自封面 | |
| 320 | @a有书目 (第252页) | |
| 330 | @a本书共分十章,内容包括:液压与气压传动和液力技术概述;液压传动的流体力学基础;液压泵和液压马达;液压缸;液压控制阀;辅助装置;液压基本回路等。 | |
| 510 | 1 | @aHydraulic and pneumatic transmission@zeng |
| 606 | 0 | @a汽车@Aqi che@x液压传动@x高等教育@j教材 |
| 606 | 0 | @a汽车@Aqi che@x气压传动@x高等教育@j教材 |
| 690 | @aU463.2@v5 | |
| 701 | 0 | @a齐晓杰@Aqi xiao jie@4主编 |
| 801 | 0 | @aCN@b北京卓展@c20191020 |
| 905 | @b1202730-3@dU463.2@e870=3@f4 | |
| 汽车液压与气压传动/主编齐晓杰.-第3版.-北京:机械工业出版社,2019重印 |
| 252页:图;26cm |
| 普通高等教育“十三五”汽车类规划教材 |
| ISBN 978-7-111-56355-6:CNY39.80 |
| 本书共分十章,内容包括:液压与气压传动和液力技术概述;液压传动的流体力学基础;液压泵和液压马达;液压缸;液压控制阀;辅助装置;液压基本回路等。 |
| ● |
| 相关链接 |
|
|
|
|
正题名:汽车液压与气压传动
索取号:U463.2/870=3
 
预约/预借
| 序号 | 登录号 | 条形码 | 馆藏地/架位号 | 状态 | 备注 |
| 1 | 1202730 | 212027304 | 第二样本阅览室/ [索取号:U463.2/870=3] | 在馆 | |
| 2 | 1202731 | 212027313 | 第三借阅区/ [索取号:U463.2/870=3] | 在馆 | |
| 3 | 1202732 | 212027322 | 第三借阅区/ [索取号:U463.2/870=3] | 在馆 | |
| 4 | 1202733 | 212027331 | 第三借阅区/ [索取号:U463.2/870=3] | 在馆 |